Հաւաքածոյ ընտիր գրուածոց ազգային եւ օտար մատենագրաց : (Record no. 528169)
[ view plain ]
| 000 -LEADER | |
|---|---|
| fixed length control field | 00909nam a2200229 a 4500 |
| 001 - CONTROL NUMBER | |
| control field | 001138393 |
| 003 - CONTROL NUMBER IDENTIFIER | |
| control field | AM-YEHGA |
| 005 - DATE AND TIME OF LATEST TRANSACTION | |
| control field | 20250618080122.0 |
| 008 - FIXED-LENGTH DATA ELEMENTS--GENERAL INFORMATION | |
| fixed length control field | s1900 tu |||||r|||||||||0|arm|d |
| 040 ## - CATALOGING SOURCE | |
| Original cataloging agency | AM-YeHGA |
| 041 0# - LANGUAGE CODE | |
| Language code of text/sound track or separate title | arm |
| 044 ## - COUNTRY OF PUBLISHING/PRODUCING ENTITY CODE | |
| MARC country code | ai |
| 090 ## - LOCALLY ASSIGNED LC-TYPE CALL NUMBER (OCLC); LOCAL CALL NUMBER (RLIN) | |
| -- | 566349 |
| 100 1# - MAIN ENTRY--PERSONAL NAME | |
| Personal name | Գաբամաճյան, Սիմոն, |
| Dates associated with a name | 1863-1942 |
| 9 (RLIN) | 2977 |
| 245 10 - TITLE STATEMENT | |
| Title | Հաւաքածոյ ընտիր գրուածոց ազգային եւ օտար մատենագրաց : |
| Remainder of title | Աշխարհիկ լեզուաւ արձակ եւ ոտանաւոր : Պատկերազարդ / |
| Statement of responsibility, etc. | Ս. Գաբամաճեան. |
| 250 ## - EDITION STATEMENT | |
| Edition statement | Դ տպագրութիւն, հիմնովին բարեփոխուած |
| 260 ## - PUBLICATION, DISTRIBUTION, ETC. | |
| Place of publication, distribution, etc. | Կ. Պոլիս : |
| Name of publisher, distributor, etc. | Պ. Պալենց գրատուն, |
| Date of publication, distribution, etc. | 1900. |
| 300 ## - PHYSICAL DESCRIPTION | |
| Extent | մաս ; |
| Dimensions | 18 սմ. |
| 505 0# - FORMATTED CONTENTS NOTE | |
| Miscellaneous information | Մ. Ա (1900, 174 էջ ; նկ.) |
| 650 14 - SUBJECT ADDED ENTRY--TOPICAL TERM | |
| Topical term or geographic name entry element | Հայ գրականություն |
| Form subdivision | Քրեստոմատիա |
| 942 ## - ADDED ENTRY ELEMENTS (KOHA) | |
| Source of classification or shelving scheme | Universal Decimal Classification |
| Koha item type | Գրքեր / Books |
| Withdrawn status | Lost status | Source of classification or shelving scheme | Damaged status | Not for loan | Collection | Home library | Current library | Date acquired | Serial enumeration / chronology | Total checkouts | Full call number | Barcode | Date last seen | Price effective from | Koha item type | Public note |
|---|---|---|---|---|---|---|---|---|---|---|---|---|---|---|---|---|
| Universal Decimal Classification | General | Fundamental Scientific Library | Fundamental Scientific Library | 27/07/2023 | Մ. Ա | AI/21700 | FL0672642 | 27/07/2023 | 27/07/2023 | Գրքեր / Books | Reading Hall |
ՀՀ Գիտությունների ազգային ակադեմիայի հիմնարար գիտական գրադարան = Fundamental Scientific Library of NAS RA
All site content, except where otherwise noted, is licensed under a